| 000 | 00861 a2200217 4500 | ||
|---|---|---|---|
| 008 | 240605b mp ||||| |||| 00| 0 mon d | ||
| 035 | _a2693 | ||
| 040 |
_aHE0623081 _bmon _cMN-UlNLM _dMN-UlNLM _erda |
||
| 041 | _amon | ||
| 042 | _a28139 | ||
| 084 |
_2NNA _a84.2 _bХ.511 |
||
| 100 | _aХоффман Э.Т.А. | ||
| 245 | 0 | _aЦөмөөхий ба хулганын хаан | |
| 264 |
_aУБ _bМонсудар хэвлэлийн газар _c2001 |
||
| 300 | _a108х. | ||
| 336 |
_2rdacontent _atext _btxt |
||
| 337 |
_2rdamedia _aunmediated _bn |
||
| 338 |
_2rdacarrier _avolume _bnc |
||
| 650 | _aДэлхийн алдарт сонгодог зохиол болох дэлхийд алдаршсан "Шелькунчик" буюу самар цөмүүрийн тухай ном юм. Бэлэг, Хайр булаасан хүн... | ||
| 942 |
_2NNA _cBK |
||
| 999 |
_c875213 _d875270 |
||